00350nam a22001217a 450000500170000002000180001703700080003524500490004326000480009230000340014049000350017470000190020920111208170258.0 a9781593394264 bPUB aJust for fun /cillustrated by Rick Incrocci aNew Delhi bEncyclopaedia Britannica c2008 aV12 (48p.) c25cm (Hb)bill.  a Britannica discovery library  aIncrocci, Rick